logo

Bir Sreshtho Munshi Abdur Rouf Library
Jhenaidah Cadet College

A reader for writers : (Record no. 9126)

MARC details
000 -LEADER
fixed length control field 00816cam a22002652 4500
001 - CONTROL NUMBER
JCCL Control Number 9126
003 - CONTROL NUMBER IDENTIFIER
JCCL marc code BD - JhCC
005 - DATE AND TIME OF LATEST TRANSACTION
control field 20180308192054.0
008 - FIXED-LENGTH DATA ELEMENTS--GENERAL INFORMATION
fixed length control field 761206s1962 nyu 000 0 eng
035 ## - SYSTEM CONTROL NUMBER
system control number OCLC ocm02601262 from D960829M
-- (BD - JhCC)9126
040 ## - CATALOGING SOURCE
Original cataloging agency DLC
Transcribing agency OHI
Modifying agency OCL
-- EQO
-- BD - JhCC
041 ## - LANGUAGE CODE
Language code of Book eng
050 0# - LIBRARY OF CONGRESS CALL NUMBER
Classification number PE1417
Item number .A7 1962
082 ## - DEWEY DECIMAL CLASSIFICATION NUMBER
Classification number 808
Author mark and Year ARC 1962
100 1# - MAIN ENTRY--PERSONAL NAME
Personal name Archer, Jerome Walter,
Dates associated with a name 1907-
245 12 - TITLE STATEMENT
Title A reader for writers :
Remainder of title a critical anthology of prose readings /
Statement of responsibility, etc [by] Jerome W. Archer [and] Joseph Schwartz.
260 ## - PUBLICATION, DISTRIBUTION, ETC. (IMPRINT)
Place of publication, distribution, etc New York :
Name of publisher, distributor, etc McGraw-Hill,
Date of publication, distribution, etc 1962.
300 ## - PHYSICAL DESCRIPTION
Pagination 581 p.
Dimensions 24 cm.
650 #0 - SUBJECT ADDED ENTRY--TOPICAL TERM
Topical term or geographic name as entry element English language
General subdivision Rhetoric.
650 #0 - SUBJECT ADDED ENTRY--TOPICAL TERM
Topical term or geographic name as entry element American literature.
650 #0 - SUBJECT ADDED ENTRY--TOPICAL TERM
Topical term or geographic name as entry element English literature.
700 1# - ADDED ENTRY--PERSONAL NAME
Personal name Schwartz, Joseph.
942 ## - ADDED ENTRY ELEMENTS (KOHA)
Source of classification or shelving scheme Dewey Decimal Classification
Koha item type Books
Holdings
Source of classification or shelving scheme Damaged status Not for loan Home library Current library Shelving location Total Checkouts Full call number Barcode Date last seen Copy number Koha item type
Dewey Decimal Classification     JCC Rouf Library JCC Rouf Library General Stacks   808 ARC 1962 12182 03/08/2018 C - 1 Books

JCC Library | Contacts | JCC Home

Last Update on 23 September 2017
Copyright @ 2017-2020 JCC Rouf Library
Rouf Library, Jhenidah Cadet College (JCC), Bangladesh